| Поле | Инд. | ПП | Название | Значение |
|---|---|---|---|---|
| Тип записи | a | |||
| Библиографический уровень | b | |||
| 001 | Контрольный номер | RU/IS/BASE/441203204 | ||
| 005 | Дата корректировки | 20200522191632.0 | ||
| 008 | Кодируемые данные | 20131224 | ||
| 040 | b | Код языка каталог. | rus | |
| e | Правила каталог. | PSBO | ||
| 041 | 0_ | a | Код языка текста | rus |
| 084 | a | Индекс другой классификации/Индекс ББК | 65.291.3 | |
| 100 | 1_ | a | Автор | Багандов И. |
| 100 | 1_ | a | Автор | Рощак Д. |
| 100 | 1_ | a | Автор | Мешков А. |
| 245 | 10 | a | Заглавие | Малобюджетный комплекс маркетинговых коммуникаций: интернет-маркетинг |
| 504 | a | Библиография | Библиогр. | |
| 520 | a | Аннотация | Большинство российских и зарубежных компаний сталкиваются с проблемой дефицита бюджета, что является результатом последствий экономических кризисов и большой конкуренции на рынке. Компании начинают активно использовать те инструменты маркетинга, которые реально применимы при небольших затратах. Большая часть мирового бизнеса в настоящее время использует интернет-сети в своих целях. Грамотное применение интернет-маркетинга дает возможность охватывать широкую аудиторию клиентов и выходить на новые рынки. Интернет-маркетинг сочетает в себе два качества - невысокую стоимость и широкий охват аудитории. | |
| 650 | 14 | a | Основная рубрика | маркетинг |
| a | Основная рубрика | экономика | ||
| a | Основная рубрика | экономика предприятия | ||
| 653 | 1_ | a | Ключевые слова | блоггинг |
| a | Ключевые слова | бюджет маркетинга | ||
| a | Ключевые слова | бюджет предприятия | ||
| a | Ключевые слова | вирусный маркетинг | ||
| a | Ключевые слова | Интернет | ||
| a | Ключевые слова | интернет-маркетинг | ||
| a | Ключевые слова | информационные сети | ||
| a | Ключевые слова | каталоги | ||
| a | Ключевые слова | конкурентоспособность | ||
| a | Ключевые слова | малый бизнес | ||
| a | Ключевые слова | маркетинговые коммуникации | ||
| a | Ключевые слова | менеджмент (управление предприятием) | ||
| a | Ключевые слова | паблик рилейшнз (связи с общественностью) | ||
| a | Ключевые слова | поисковые системы | ||
| a | Ключевые слова | продвижение товара | ||
| a | Ключевые слова | реклама | ||
| a | Ключевые слова | социальные сети | ||
| a | Ключевые слова | стратегическое управление | ||
| 773 | 08 | t | Заглавие источника | РИСК: ресурсы, информация, снабжение, конкуренция |
| d | Дата издания источника | 2012 | ||
| g | Прочая информация | № 3. - С. 63 - 67 : схем. | ||
| w | Контрольный № источника | RU/IS/BASE/407439363 | ||
| 901 | t | Тип документа | b |